| 000 | 02028nam a22002417a 4500 | ||
|---|---|---|---|
| 999 |
_c63729 _d63729 |
||
| 003 | Ge_BSU | ||
| 005 | 20251216200906.0 | ||
| 008 | 251216s2024 ge ||||| |||| 00| 0 geo d | ||
| 020 | _a9789941986789 | ||
| 041 | _ageo | ||
| 080 | _a821.353.1(092) კ-36 | ||
| 245 |
_aრაფიელ ერისთავი 200 = Raphiel Eristavi 200 / _c პროექტის იდეისა და კონცეფციის ავტორი ეკა კაჭარავა; რედაქტორები: თინათინ ღუდუშაური, თეა თვალავაძე; ტექსტის რედაქტორი თამარ შარაბიძე; თარგმანი ინგლისურ ენაზე ანა ყიფიანი, სომხური ენიდან ნათია ჩანტლაძე; დიზაინი-დაკაბადონება ფატი გაგულია. |
||
| 264 |
_aთბილისი : _b საქართველოს უნივერსიტეტის გამომცემლობა : საქართველოს პარლამენტის ეროვნული ბიბლიოთეკა, _c 2024. |
||
| 300 |
_a315 გვ. : _bფოტ. ; _c33 სმ. |
||
| 700 |
_aკაჭარავა, ეკა _eიდეის ავტორი _926535 |
||
| 700 |
_aღუდუშაური, თინათინ _eრედაქტორი _926536 |
||
| 700 |
_aთვალავაძე, თეა _eრედაქტორი _919431 |
||
| 700 |
_aშარაშიძე, თამარ _eტექსტის რედაქტორი _926537 |
||
| 700 |
_aყიფიანი, ანა _eმთარგმნელი _926538 |
||
| 700 |
_aჩანტლაძე, ნათია _eმთარგმნელი _926539 |
||
| 700 |
_aგაგულია, ფატი _eდიზაინერი _919432 |
||
| 942 |
_2udc _cᲬᲘᲒᲜᲘ |
||